Central Library OPAC University of Rajshahi

Manual of photographic interpretation / (Record no. 8445)

MARC details
000 -LEADER
fixed length control field 00955cam a22003011 4500
001 - CONTROL NUMBER
control field 8445
003 - CONTROL NUMBER IDENTIFIER
rucl marc code BD-RjUL
005 - DATE AND TIME OF LATEST TRANSACTION
control field 20211208234605.0
008 - FIXED-LENGTH DATA ELEMENTS--GENERAL INFORMATION
fixed length control field 140118s1960 dcua b 001 0 eng
035 ## - SYSTEM CONTROL NUMBER
System control number (BD-RjUL)8490
System control number (OCoLC)324801
040 ## - CATALOGING SOURCE
Original cataloging agency DLC
Transcribing agency OAkU
Modifying agency OCoLC
-- DLC
-- BD-RjUL
Language of cataloging eng
041 ## - LANGUAGE CODE
Language code of text/sound track or separate title eng
082 ## - DEWEY DECIMAL CLASSIFICATION NUMBER
Classification number 526.982
Author mark and year MAN 1960
110 2# - MAIN ENTRY--CORPORATE NAME
Corporate name or jurisdiction name as entry element American Society of Photogrammetry.
9 (RLIN) 26295
245 10 - TITLE STATEMENT
Title Manual of photographic interpretation /
Statement of responsibility, etc. Merican society of photogrammetry.
260 ## - PUBLICATION, DISTRIBUTION, ETC. (IMPRINT)
Place of publication, distribution, etc. Wisconsin :
Date of publication, distribution, etc. George Banta,
Name of publisher, distributor, etc. c1960.
300 ## - PHYSICAL DESCRIPTION
Pagination xv, 868 p. :
Illustrations illus. (part col.) ;
Size 27 cm.
500 ## - GENERAL NOTE
General note With contributions by various authors.
504 ## - BIBLIOGRAPHY, ETC. NOTE
Bibliography, etc Includes bibliographies & Index.
650 #0 - SUBJECT ADDED ENTRY--TOPICAL TERM
Topical term or geographic name as entry element Photographic interpretation.
9 (RLIN) 26105
Topical term or geographic name as entry element Aerial photogrammetry.
9 (RLIN) 26104
Topical term or geographic name as entry element Natural resources.
9 (RLIN) 26296
Topical term or geographic name as entry element Land use.
9 (RLIN) 26297
942 ## - ADDED ENTRY ELEMENTS (KOHA)
Source of classification or shelving scheme Dewey Decimal Classification
Koha item type Books
Holdings
Lost status Source of classification or shelving scheme Damaged status Not for loan Collection code Permanent Location Current Location Shelving location Date acquired Source of acquisition Cost, normal purchase price Total Checkouts Full call number Date last seen Copy number Koha item type
  Dewey Decimal Classification   Not For Loan Non-fiction Central Library, University of Rajshahi Central Library, University of Rajshahi   20/10/1962 Zeitlinger 105.00   526.982 MAN 1960 18/01/2014 C-1 Books